000
00310pam a2200109a 44500
008
230405s2007 xxu||||| |||| 00| 0 eng d
041
_a
ENG
100
_a
Minakshi Kishore
245
_a
Strategic Human Resource Management (Text & cases0
260
_a
_b
Wisdom Publication C-14 D.S.I.D.C
_c
2007
906
_a
16979
999
_c
307478
_d
307478